000 00553nam a22001697a 4500
005 20251108170856.0
008 250721s1995 xx 000 0 ara d
082 1 4 _a214.1/محم
100 1 _aمحمود، حسان عبد المنان
_eمعد
245 1 0 _aإثبات وجود الله في كتاب في ظلال القرآن لسيد قطب /
264 1 _aبيروت :
_bدار الجيل،
_c1995.
300 _a374ص
500 _aفي ظلال القرآن لسيد قطب
650 1 7 _aالتوحيد
942 _2ddc
_cBK
999 _c51103
_d51103